[Event "CZE-chT1E 2122"]
[Site "Czech Republic"]
[Date "2021.12.12"]
[Round "5.4"]
[White "Sedlacek, Oldrich"]
[Black "Vala, Filip"]
[Result "1-0"]
[WhiteElo "2174"]
[BlackElo "2158"]
[PlyCount "77"]
[EventDate "2021.10.09"]
[EventType "team-tourn"]
[EventRounds "11"]
[EventCountry "CZE"]
[SourceTitle "EXT 2023"]
[Source "ChessBase"]
[SourceDate "2022.10.05"]
[SourceVersion "1"]
[SourceVersionDate "2022.10.05"]
[SourceQuality "1"]
[WhiteTeam "Gordic"]
[BlackTeam "Chotebor"]
[WhiteTeamCountry "CZE"]
[BlackTeamCountry "CZE"]

1. Nf3 Nf6 2. c4 g6 3. g3 Bg7 4. Bg2 0-0 5. 0-0 d6 6. d4 Nc6 7. Nc3 a6 8. h3 Bd7 9. e4 e5 10. dxe5 dxe5 11. Bg5 h6 12. Be3 Qc8 13. Qc1 Bxh3 14. Bxh6 Qg4 15. Qg5 Qxg5 16. Bxg5 Be6 17. b3 Nd4 18. Rac1 Nd7 19. Nxd4 exd4 20. Nd5 c6 21. Nc7 Ra7 22. Be7 Rc8 23. Nxe6 fxe6 24. f4 c5 25. f5 Bh6 26. fxe6 Be3+ 27. Kh2 Ne5 28. Rce1 Ng4+ 29. Kh3 Nf2+ 30. Rxf2 Bxf2 31. Rf1 b6 32. Bf6 Be3 33. e5 Re8 34. Bd5 Rae7 35. Kg4 Rxe6 36. Rh1 d3 37. Kf3 Bd4 38. Rh8+ Kf7 39. Rxe8 1-0

[Event "CZE-chT1E 1920"]
[Site "Czech Republic"]
[Date "2020.01.19"]
[Round "6.5"]
[White "Sedlacek, Oldrich"]
[Black "Kubos, Rostislav"]
[Result "1/2-1/2"]
[WhiteElo "2215"]
[BlackElo "2143"]
[PlyCount "49"]
[EventDate "2019.10.20"]
[EventType "team-tourn"]
[EventRounds "11"]
[EventCountry "CZE"]
[SourceTitle "CBM 194 Extra"]
[Source "ChessBase"]
[SourceDate "2020.03.31"]
[SourceVersion "1"]
[SourceVersionDate "2020.03.31"]
[SourceQuality "1"]
[WhiteTeam "Gordic"]
[BlackTeam "Orlova Slavia"]
[WhiteTeamCountry "CZE"]
[BlackTeamCountry "CZE"]

1. Nf3 Nf6 2. g3 e6 3. Bg2 c5 4. 0-0 Nc6 5. c4 d5 6. d4 dxc4 7. Ne5 Bd7 8. Nxc6 Bxc6 9. Bxc6+ bxc6 10. Qa4 cxd4 11. Qxc6+ Nd7 12. Qxc4 e5 13. Nd2 Be7 14. Qd5 0-0 15. Nc4 Bf6 16. Bd2 Nb6 17. Qxd8 Rfxd8 18. Rac1 e4 19. b3 Nd5 20. Rfd1 h6 21. e3 d3 22. Ba5 Rdc8 23. Kf1 Rc6 24. Nd2 Rxc1 25. Rxc1 1/2-1/2

[Event "CZE-chT1E 1819"]
[Site "Czech Republic"]
[Date "2018.10.21"]
[Round "1.6"]
[White "Sedlacek, Oldrich"]
[Black "Kapusta, Petr"]
[Result "1-0"]
[WhiteElo "2208"]
[BlackElo "2244"]
[PlyCount "141"]
[EventDate "2018.10.21"]
[EventType "team-tourn"]
[EventRounds "11"]
[EventCountry "CZE"]
[SourceTitle "CBM 187 Extra"]
[Source "ChessBase"]
[SourceDate "2018.11.04"]
[SourceVersion "1"]
[SourceVersionDate "2018.11.04"]
[SourceQuality "1"]
[WhiteTeam "Gordic"]
[BlackTeam "Kromeriz"]
[WhiteTeamCountry "CZE"]
[BlackTeamCountry "CZE"]

1. Nf3 Nf6 2. g3 g6 3. Bg2 Bg7 4. d4 d6 5. 0-0 0-0 6. c4 Nc6 7. Nc3 a6 8. h3 Rb8 9. e4 e5 10. dxe5 Nxe5 11. Nxe5 dxe5 12. Bg5 Be6 13. Qxd8 Rfxd8 14. Nd5 Bxd5 15. cxd5 Rd7 16. h4 h6 17. Bd2 c5 18. Bc3 Ne8 19. b4 c4 20. a4 Nd6 21. Rfc1 f5 22. f3 Rf8 23. Bd2 Kh7 24. Be3 f4 25. Bf2 g5 26. hxg5 fxg3 27. Bxg3 hxg5 28. Bh3 Rc7 29. Kg2 c3 30. Be1 Rf4 31. Rxc3 Rxc3 32. Bxc3 Nxe4 33. fxe4 g4 34. Bxg4 Rxg4+ 35. Kf3 Rf4+ 36. Ke3 Rh4 37. Kd3 Rh3+ 38. Kc4 b5+ 39. axb5 axb5+ 40. Kb3 Bh6 41. Rd1 Kg6 42. d6 Bg5 43. d7 Bd8 44. Rd5 Kf6 45. Kb2 Ke6 46. Rxe5+ Kxd7 47. Rd5+ Kc8 48. Rxb5 Re3 49. e5 Be7 50. Kb3 Re4 51. Rd5 Kc7 52. b5 Kb6 53. Bd4+ Kc7 54. Kc4 Re1 55. Bc3 Rc1 56. Kd4 Kb6 57. Kd3 Rd1+ 58. Ke4 Rxd5 59. Kxd5 Kxb5 60. Bd4 Ba3 61. Ba7 Bb2 62. e6 Bf6 63. Kd6 Kc4 64. Bb6 Bh4 65. Be3 Kd3 66. Bh6 Ke4 67. Bf8 Kf5 68. Be7 Be1 69. Kd7 Kg6 70. Bf6 Bb4 71. Be5 1-0

[Event "CZE-chT2D 1617"]
[Site "Czech Republic"]
[Date "2017.02.12"]
[Round "8.2"]
[White "Sedlacek, Oldrich"]
[Black "Smutny, Jan"]
[Result "1/2-1/2"]
[WhiteElo "2216"]
[BlackElo "2163"]
[PlyCount "85"]
[EventDate "2016.10.09"]
[EventType "team-tourn"]
[EventRounds "11"]
[EventCountry "CZE"]
[SourceTitle "EXT 2022"]
[Source "ChessBase"]
[SourceDate "2021.10.06"]
[SourceVersion "1"]
[SourceVersionDate "2021.10.06"]
[SourceQuality "1"]
[WhiteTeam "Dalesice Pivovar"]
[BlackTeam "Pardubice Rapid II"]
[WhiteTeamCountry "CZE"]
[BlackTeamCountry "CZE"]

1. Nf3 Nf6 2. g3 c5 3. Bg2 Nc6 4. d4 cxd4 5. Nxd4 g6 6. 0-0 Bg7 7. c4 0-0 8. Nc3 Nxd4 9. Qxd4 d6 10. Qd3 Nd7 11. b3 Ne5 12. Qd2 Rb8 13. Bb2 a6 14. Rfd1 Bd7 15. Rac1 Bc6 16. Nd5 Bxd5 17. cxd5 b5 18. Bd4 Rc8 19. Qb2 Rxc1 20. Rxc1 Bh6 21. f4 Nd7 22. Qc3 f5 23. Qc6 Nc5 24. b4 Ne4 25. Qxa6 Qa8 26. Rc6 Qxa6 27. Rxa6 Rc8 28. Rc6 Ra8 29. Rc7 Kf7 30. Bxe4 fxe4 31. Rb7 Rxa2 32. Kf2 g5 33. fxg5 Bxg5 34. Rxb5 Bd2 35. Rb8 Ra4 36. Rb7 Bxb4 37. Ke3 Be1 38. Kxe4 Bc3 39. e3 Bxd4 40. exd4 Ra2 41. h3 Ra3 42. Kf4 Ra4 43. Ke4 1/2-1/2

[Event "CZE-chT2D 1617"]
[Site "Czech Republic"]
[Date "2016.12.11"]
[Round "5.3"]
[White "Sedlacek, Oldrich"]
[Black "Fisar, Josef"]
[Result "1-0"]
[WhiteElo "2216"]
[BlackElo "2048"]
[PlyCount "85"]
[EventDate "2016.10.09"]
[EventType "team-tourn"]
[EventRounds "11"]
[EventCountry "CZE"]
[SourceTitle "EXT 2022"]
[Source "ChessBase"]
[SourceDate "2021.10.06"]
[SourceVersion "1"]
[SourceVersionDate "2021.10.06"]
[SourceQuality "1"]
[WhiteTeam "Dalesice Pivovar"]
[BlackTeam "Zdar nad Sazavou"]
[WhiteTeamCountry "CZE"]
[BlackTeamCountry "CZE"]

1. Nf3 d5 2. g3 Nd7 3. d4 Ngf6 4. Bg2 e6 5. 0-0 Be7 6. c4 c6 7. Nbd2 0-0 8. Qc2 Qa5 9. b3 dxc4 10. Nxc4 Qh5 11. h3 Qg6 12. Qxg6 hxg6 13. Rd1 Ne4 14. Bb2 Rd8 15. Nfe5 Ndf6 16. Rac1 Bd7 17. Nd2 Nxd2 18. Rxd2 Be8 19. e3 Kf8 20. a3 c5 21. Rcd1 Rab8 22. dxc5 Rxd2 23. Rxd2 Bxc5 24. b4 Be7 25. Bd4 a5 26. bxa5 Bxa3 27. Ra2 Bd6 28. Nc4 Be7 29. Nb6 Bd6 30. f4 Nd7 31. Nxd7+ Bxd7 32. Rb2 Bc6 33. Bxc6 bxc6 34. Rxb8+ Bxb8 35. a6 Ke7 36. Kf2 e5 37. a7 Bxa7 38. Bxa7 exf4 39. exf4 Ke6 40. Bd4 f6 41. Ke3 Kd5 42. Kd3 c5 43. Bc3 1-0

[Event "CZE-chT2D 1617"]
[Site "Czech Republic"]
[Date "2016.11.27"]
[Round "4.1"]
[White "Seidl, Stepan"]
[Black "Sedlacek, Oldrich"]
[Result "1/2-1/2"]
[WhiteElo "2244"]
[BlackElo "2216"]
[PlyCount "30"]
[EventDate "2016.10.09"]
[EventType "team-tourn"]
[EventRounds "11"]
[EventCountry "CZE"]
[SourceTitle "EXT 2022"]
[Source "ChessBase"]
[SourceDate "2021.10.06"]
[SourceVersion "1"]
[SourceVersionDate "2021.10.06"]
[SourceQuality "1"]
[WhiteTeam "Jihlava Gambit"]
[BlackTeam "Dalesice Pivovar"]
[WhiteTeamCountry "CZE"]
[BlackTeamCountry "CZE"]

1. e4 c6 2. Nf3 d5 3. Nc3 g6 4. d4 Bg7 5. Be2 Nh6 6. 0-0 0-0 7. h3 f6 8. Bf4 Nf7 9. a4 b6 10. a5 Na6 11. Re1 e6 12. Bf1 b5 13. Nb1 dxe4 14. Rxe4 e5 15. Bh2 f5 1/2-1/2

[Event "CZE-chT2C 1415"]
[Site "Czech Republic"]
[Date "2015.03.29"]
[Round "10.4"]
[White "Hradecky, Ivo"]
[Black "Sedlacek, Oldrich"]
[Result "0-1"]
[WhiteElo "2102"]
[BlackElo "2212"]
[PlyCount "57"]
[EventDate "2014.11.02"]
[EventType "team-tourn"]
[EventRounds "11"]
[EventCountry "CZE"]
[SourceTitle "EXT 2022"]
[Source "ChessBase"]
[SourceDate "2021.10.06"]
[SourceVersion "1"]
[SourceVersionDate "2021.10.06"]
[SourceQuality "1"]
[WhiteTeam "Dolni Kralovice"]
[BlackTeam "Jihlava Gordic"]
[WhiteTeamCountry "CZE"]
[BlackTeamCountry "CZE"]

1. d4 c6 2. c4 d5 3. Nc3 Nf6 4. Nf3 dxc4 5. a4 e6 6. e3 c5 7. Bxc4 Nc6 8. 0-0 cxd4 9. exd4 Be7 10. Qe2 0-0 11. Rd1 Nb4 12. Ne5 Bd7 13. d5 Nbxd5 14. Bxd5 exd5 15. Nxd5 Nxd5 16. Rxd5 Bg4 17. Rxd8 Bxe2 18. Rxf8+ Kxf8 19. Be3 f6 20. Re1 Rd8 21. f3 Bd1 22. Nc4 Bb4 23. Rf1 b6 24. a5 bxa5 25. Na3 Bb3 26. Bxa7 Rd2 27. Rf2 Rd7 28. Be3 Be1 29. Kf1 0-1

[Event "CZE-chT2C 1415"]
[Site "Czech Republic"]
[Date "2014.11.30"]
[Round "3.3"]
[White "Sedlacek, Oldrich"]
[Black "Paulovic, Tomas"]
[Result "1/2-1/2"]
[WhiteElo "2212"]
[BlackElo "2137"]
[PlyCount "92"]
[EventDate "2014.11.02"]
[EventType "team-tourn"]
[EventRounds "11"]
[EventCountry "CZE"]
[SourceTitle "EXT 2022"]
[Source "ChessBase"]
[SourceDate "2021.10.06"]
[SourceVersion "1"]
[SourceVersionDate "2021.10.06"]
[SourceQuality "1"]
[WhiteTeam "Jihlava Gordic"]
[BlackTeam "Praha Kobylisy II"]
[WhiteTeamCountry "CZE"]
[BlackTeamCountry "CZE"]

1. Nf3 d5 2. g3 c5 3. Bg2 Nc6 4. d4 e6 5. 0-0 Nf6 6. c4 b6 7. Nc3 h6 8. Ne5 Bb7 9. cxd5 exd5 10. Qa4 Rc8 11. Rd1 cxd4 12. Nxc6 Bxc6 13. Qxd4 Bc5 14. Qe5+ Qe7 15. Qxe7+ Kxe7 16. Nxd5+ Nxd5 17. Bxd5 Bxd5 18. Rxd5 Rhd8 19. Rxd8 Rxd8 20. Kg2 Ke6 21. e3 Rd1 22. b3 Ba3 23. Bb2 Rxa1 24. Bxa1 g6 25. Kf3 Bd6 26. Ke4 a6 27. h3 f5+ 28. Kd3 h5 29. e4 b5 30. Bd4 Bc7 31. Bc5 Be5 32. f4 Bc7 33. Ke3 Bb8 34. Kf3 Bc7 35. g4 hxg4+ 36. hxg4 Bd8 37. Bd4 Bh4 38. exf5+ gxf5 39. g5 Be1 40. Ke3 Bb4 41. g6 Be7 42. Kd3 Bd6 43. Be5 Bc5 44. Kc3 Ke7 45. a4 Ke6 46. a5 Bf2 1/2-1/2

[Event "CZE-chT2C 1415"]
[Site "Czech Republic"]
[Date "2014.11.16"]
[Round "2.4"]
[White "Sedlacek, Oldrich"]
[Black "Londyn, Radek"]
[Result "0-1"]
[WhiteElo "2212"]
[BlackElo "2347"]
[PlyCount "170"]
[EventDate "2014.11.02"]
[EventType "team-tourn"]
[EventRounds "11"]
[EventCountry "CZE"]
[SourceTitle "EXT 2022"]
[Source "ChessBase"]
[SourceDate "2021.10.06"]
[SourceVersion "1"]
[SourceVersionDate "2021.10.06"]
[SourceQuality "1"]
[WhiteTeam "Jihlava Gordic"]
[BlackTeam "Praha Grop"]
[WhiteTeamCountry "CZE"]
[BlackTeamCountry "CZE"]

1. Nf3 Nc6 2. d4 d5 3. e3 Bg4 4. Be2 Bxf3 5. Bxf3 Nf6 6. c4 e6 7. 0-0 Be7 8. Nc3 0-0 9. b3 Re8 10. Bb2 Bf8 11. Qe2 Qd7 12. Rfe1 Rad8 13. Rac1 a6 14. g3 Qc8 15. Bg2 Qb8 16. f4 Na7 17. c5 c6 18. g4 Nd7 19. g5 f6 20. gxf6 gxf6 21. Kh1 Kh8 22. Rg1 f5 23. Bf3 Nf6 24. Nd1 Bh6 25. Nf2 Rg8 26. Nd3 Rxg1+ 27. Rxg1 Rg8 28. Ne5 Rxg1+ 29. Kxg1 Qe8 30. Kf1 Nc8 31. Bc3 Ne7 32. Be1 Ng6 33. Bh5 Nd7 34. Nf3 Nf6 35. Ne5 Nd7 36. Bh4 Ndxe5 37. Bf6+ Bg7 38. Bxg7+ Kxg7 39. fxe5 Qd8 40. Qe1 Qg5 41. Bxg6 Kxg6 42. Qf2 Qg4 43. Qg2 Kg5 44. Qd2 Qf3+ 45. Kg1 f4 46. exf4+ Qxf4 47. Qc3 Kf5 48. Qc2+ Kg4 49. Qxh7 Qxd4+ 50. Kf1 Qa1+ 51. Kf2 Qxa2+ 52. Kf1 Qa1+ 53. Kf2 Qb2+ 54. Kf1 Qxe5 55. Qg6+ Kf4 56. Qg3+ Ke4 57. Qg2+ Kd3 58. Qg6+ Kc3 59. h4 Qf4+ 60. Ke2 Qxh4 61. Qd3+ Kb2 62. Qd2+ Kxb3 63. Qd1+ Kb4 64. Qb1+ Kxc5 65. Qxb7 Qc4+ 66. Kd1 e5 67. Qa7+ Kb5 68. Qb8+ Kc5 69. Qa7+ Kd6 70. Qb8+ Ke6 71. Qc8+ Kf6 72. Qf8+ Kg5 73. Qg7+ Kf5 74. Qh7+ Kf4 75. Qh4+ Ke3 76. Qg3+ Kd4 77. Qf2+ Ke4 78. Qh4+ Kd3 79. Qg3+ Kd4 80. Qf2+ Kc3 81. Qe1+ Kb3 82. Qe3+ Ka4 83. Qxe5 d4 84. Kd2 Qc3+ 85. Kd1 Qd3+ 0-1

[Event "CZE-chT2C 1415"]
[Site "Czech Republic"]
[Date "2014.11.02"]
[Round "1.4"]
[White "Vala, Filip"]
[Black "Sedlacek, Oldrich"]
[Result "0-1"]
[WhiteElo "2123"]
[BlackElo "2212"]
[PlyCount "106"]
[EventDate "2014.11.02"]
[EventType "team-tourn"]
[EventRounds "11"]
[EventCountry "CZE"]
[SourceTitle "EXT 2022"]
[Source "ChessBase"]
[SourceDate "2021.10.06"]
[SourceVersion "1"]
[SourceVersionDate "2021.10.06"]
[SourceQuality "1"]
[WhiteTeam "Kutna Hora"]
[BlackTeam "Jihlava Gordic"]
[WhiteTeamCountry "CZE"]
[BlackTeamCountry "CZE"]

1. c4 c6 2. e4 d5 3. exd5 cxd5 4. d4 Nf6 5. Nc3 g6 6. Qb3 Bg7 7. cxd5 0-0 8. Be2 Nbd7 9. Bf3 Nb6 10. Nge2 Bf5 11. 0-0 Qd7 12. Bf4 Bd3 13. d6 exd6 14. Na4 Nxa4 15. Qxd3 Rfc8 16. b3 Nb6 17. Nc3 d5 18. Rac1 Rc6 19. a4 Nc8 20. Be5 Ne7 21. b4 Rd8 22. b5 Rcc8 23. a5 Ne8 24. Bxg7 Kxg7 25. Rfe1 Nf6 26. Na4 Rxc1 27. Rxc1 Qd6 28. Nc5 Rc8 29. Ra1 b6 30. axb6 axb6 31. Na6 Rc4 32. Qe3 Nf5 33. Qe5 Rxd4 34. Qxd6 Nxd6 35. Nc7 Rc4 36. Nxd5 Nxd5 37. Bxd5 Rc5 38. Bc6 Nxb5 39. Bxb5 Rxb5 40. g3 Kf6 41. Ra7 h5 42. Kg2 g5 43. Rc7 Re5 44. Rb7 Re6 45. Rb8 Kg7 46. Rb7 Kf6 47. Rb8 g4 48. Rb7 Kg6 49. Rb8 Rf6 50. Rh8 Rf5 51. Rb8 b5 52. Rb6+ f6 53. Rb8 Rd5 0-1

[Event "CZE-chT2C 1314"]
[Site "Czech Republic"]
[Date "2014.03.23"]
[Round "10.4"]
[White "Sedlacek, Oldrich"]
[Black "Stolba, Milos"]
[Result "1/2-1/2"]
[WhiteElo "2196"]
[BlackElo "2161"]
[PlyCount "99"]
[EventDate "2013.11.03"]
[EventType "team-tourn"]
[EventRounds "11"]
[EventCountry "CZE"]
[SourceTitle "EXT 2015"]
[Source "ChessBase"]
[SourceDate "2014.11.20"]
[SourceVersion "1"]
[SourceVersionDate "2014.11.20"]
[SourceQuality "1"]
[WhiteTeam "Jihlava Gordic"]
[BlackTeam "Kutna Hora"]
[WhiteTeamCountry "CZE"]
[BlackTeamCountry "CZE"]

1. Nf3 d5 2. g3 Nf6 3. Bg2 e6 4. 0-0 Be7 5. d4 0-0 6. c4 c6 7. Nc3 Nbd7 8. b3 b6 9. Bb2 Ba6 10. Nd2 Rc8 11. e4 dxe4 12. Ndxe4 Nxe4 13. Bxe4 Nf6 14. Bd3 Qd7 15. Qc2 Bb7 16. Rad1 g6 17. Rfe1 Rfd8 18. Qc1 Bf8 19. Bf1 c5 20. d5 exd5 21. Nxd5 Nxd5 22. Bg2 Bg7 23. Bxg7 Kxg7 24. Bxd5 Bxd5 25. Rxd5 Qc6 26. Red1 Rxd5 27. cxd5 Qd6 28. h4 h5 29. a4 Re8 30. Qc4 Rd8 31. Qd3 Rd7 32. f4 Re7 33. Kf2 Qf6 34. d6 Rd7 35. Qd5 Qf5 36. Qe5+ f6 37. Qe8 g5 38. Re1 gxf4 39. Re7+ Rxe7 40. Qxe7+ Kg6 41. Qe8+ Kg7 42. d7 fxg3+ 43. Kxg3 Qg4+ 44. Kf2 Qd4+ 45. Ke2 Qb2+ 46. Kf3 Qxb3+ 47. Kf2 Qb2+ 48. Kf3 Qb3+ 49. Ke2 Qc2+ 50. Ke1 1/2-1/2

[Event "CZE-chT2C 1314"]
[Site "Czech Republic"]
[Date "2014.03.02"]
[Round "9.3"]
[White "Vojta, Pavel"]
[Black "Sedlacek, Oldrich"]
[Result "0-1"]
[WhiteElo "2225"]
[BlackElo "2196"]
[PlyCount "92"]
[EventDate "2013.11.03"]
[EventType "team-tourn"]
[EventRounds "11"]
[EventCountry "CZE"]
[SourceTitle "EXT 2015"]
[Source "ChessBase"]
[SourceDate "2014.11.20"]
[SourceVersion "1"]
[SourceVersionDate "2014.11.20"]
[SourceQuality "1"]
[WhiteTeam "Vlasim"]
[BlackTeam "Jihlava Gordic"]
[WhiteTeamCountry "CZE"]
[BlackTeamCountry "CZE"]

1. d4 d5 2. Nf3 c6 3. g3 Bg4 4. Bg2 Nd7 5. Nbd2 Ngf6 6. 0-0 e6 7. c4 Be7 8. Re1 0-0 9. Qb3 Qb6 10. c5 Qxb3 11. Nxb3 b6 12. Bf4 bxc5 13. Nxc5 Nxc5 14. dxc5 Bxf3 15. Bxf3 Bxc5 16. Rec1 Bd4 17. Rxc6 Bxb2 18. Rb1 Bd4 19. e3 Bb6 20. Rbc1 h6 21. h4 Rfd8 22. Bd6 Rd7 23. a4 Ne8 24. Bb4 Rb8 25. Be1 Rc7 26. Rxc7 Bxc7 27. Be2 Bd6 28. Kg2 Kf8 29. Ba5 Ke7 30. Rc6 Rb2 31. Bb5 Nf6 32. Rc8 e5 33. Bd8+ Ke6 34. Bxf6 Kxf6 35. Rd8 Bc5 36. Kf1 d4 37. Rd5 Bb6 38. f4 dxe3 39. fxe5+ Kf5 40. Rd7 Rf2+ 41. Ke1 Kxe5 42. Re7+ Kf6 43. Re4 Kf5 44. Bc6 Ba5+ 45. Kd1 Rd2+ 46. Kc1 e2 0-1